00475nam a2200145Ia 450000500170000000800460001703700290006304000200009204100130011208400240012524501290014924500330027826000090031130000090032020250508151228.0008 250505s9999 xx 000 0 eng d aBooks to be hide in OPAC aFEDLbengcFEDL aeng2eng a371.13, IND/OqFEDL 0aReport of the committee in regard to methods of selecting pupils for higher education and advising them in regard to careers 0cBureau of Education in India c1946 a12p.